|
|
|
|
| LEADER |
00000cam a22000004a 4500 |
| 001 |
musev2_10001 |
| 003 |
MdBmJHUP |
| 005 |
20230905041137.0 |
| 006 |
m o d |
| 007 |
cr||||||||nn|n |
| 008 |
080602s2009 msu o 00 0 eng d |
| 010 |
|
|
|z 2008024098
|
| 020 |
|
|
|a 9781604733396
|
| 020 |
|
|
|z 1604731192
|
| 020 |
|
|
|z 160473339X
|
| 020 |
|
|
|z 9781604731194
|
| 035 |
|
|
|a (OCoLC)317405140
|
| 040 |
|
|
|a MdBmJHUP
|c MdBmJHUP
|
| 043 |
|
|
|a n-us-la
|
| 050 |
0 |
4 |
|a RC154
|b .R36 2009
|
| 082 |
0 |
|
|a 362.196/9980092
|a B
|2 22
|
| 100 |
1 |
|
|a Ramirez, Jose P.,
|d 1948-
|
| 245 |
1 |
0 |
|a Squint :
|b My Journey with Leprosy /
|c Jose P. Ramirez, Jr.
|
| 264 |
|
1 |
|a Jackson :
|b University Press of Mississippi,
|c 2009.
|
| 264 |
|
3 |
|a Baltimore, Md. :
|b Project MUSE,
|c 2012
|
| 264 |
|
4 |
|c ©2009.
|
| 300 |
|
|
|a 1 online resource (240 pages):
|b ill. ;
|
| 336 |
|
|
|a text
|b txt
|2 rdacontent
|
| 337 |
|
|
|a computer
|b c
|2 rdamedia
|
| 338 |
|
|
|a online resource
|b cr
|2 rdacarrier
|
| 490 |
0 |
|
|a Willie Morris books in memoir and biography
|
| 504 |
|
|
|a Includes bibliographical references (p. 219-220).
|
| 588 |
|
|
|a Description based on print version record.
|
| 600 |
1 |
0 |
|a Ramirez, Jose P.,
|d 1948-
|x Health.
|
| 650 |
|
0 |
|a Leprosy
|z Louisiana
|z Carville
|x History.
|
| 650 |
|
0 |
|a Leprosy
|x Patients
|z Louisiana
|z Carville
|v Biography.
|
| 655 |
|
7 |
|a Electronic books.
|2 local
|
| 710 |
2 |
|
|a Project Muse.
|e distributor
|
| 830 |
|
0 |
|a Willie Morris books in memoir and biography.
|
| 830 |
|
0 |
|a Book collections on Project MUSE.
|
| 856 |
4 |
0 |
|z Texto completo
|u https://projectmuse.uam.elogim.com/book/10001/
|
| 945 |
|
|
|a Project MUSE - Custom Collection
|
| 945 |
|
|
|a Project MUSE - Archive Complete Foundation
|
| 945 |
|
|
|a Project MUSE - Archive History Foundation
|